| 000 | 00387nam a2200157Ia 4500 | ||
|---|---|---|---|
| 008 | 131103s9999 xx 000 0 und d | ||
| 040 | _aLoreto College | ||
| 041 | _aEnglish | ||
| 082 |
_aREF/L _bLCBED/7205 |
||
| 245 |
_aHome _cEdited by Maryjane Hooper Tonn |
||
| 260 |
_aU.S.A. _bIdeals _c1965 |
||
| 300 |
_a56p _b ill. _c 23cm. |
||
| 650 | _aREF | ||
| 850 | _aLCBED/REF | ||
| 942 | _cBK | ||
| 999 |
_c34084 _d84563 |
||